000 00640nam a2200241Ia 4500
003 OSt
005 20220918204035.0
006 a|||||r|||| 00| 0
007 ta
008 220917b |||||||| |||| 00| 0 eng d
024 _a110,766
037 _cTextual
040 _aARTS
_cARTS
_beng
041 _2eng
_aeng
082 _aV5:71, L9
100 _aCollins Desmond
_9110505
245 0 _aBackground to archaeology
_b britain in the european setting
260 _aCambridge
_bCUP
_c1973
300 _a116p.
_ccm.
650 _aHISTORY
942 _hV5:71, L9
_cTEXL
_2CC
999 _c234116
_d234116